US State by Tourist Attraction #1 - Statistics

General Stats
  • This quiz has been taken 1,184 times
  • The average score is 15 of 25
Answer Stats
Tourist Attraction State % Correct
Grand Canyon Arizona
97%
Hollywood Sign California
95%
Statue of Liberty New York
93%
Las Vegas Sign Nevada
92%
Mount Rushmore South Dakota
90%
Indianapolis Motor Speedway Indiana
88%
The Alamo Texas
88%
Atlantic City Boardwalk New Jersey
87%
French Quarter Louisiana
85%
Graceland Tennessee
79%
Portland Head Lighthouse Maine
70%
Mendenhall Glacier Alaska
66%
Churchill Downs Kentucky
57%
Arches National Park Utah
55%
Fort Sumter South Carolina
54%
Hot Springs National Park Arkansas
50%
Lake Champlain Vermont
39%
Mount Washington New Hampshire
35%
Garden of the Gods Colorado
30%
Petroglyph National Monument New Mexico
27%
Old Cowtown Museum Kansas
25%
Amana Colonies Iowa
19%
Mark Twain House Connecticut
18%
Battleship Memorial Park Alabama
15%
Durham Museum Nebraska
9%
No matching quizzes found
Score Distribution
Percent of People with Each Score
Percentile by Number Answered
Your Score History
You have not taken this quiz